000 00691nam a2200265Ia 4500
005 20260302115508.0
008 008 260114s9999 xx 000 0 eng d
020 _a9781408184332
037 _aTextbook
040 _aCRL
040 _beng
040 _cCRL
041 _2eng
041 _aeng
084 _qCRL
100 _aAshley Lucas
_91121808
245 0 _aPrison Theatre and the Global Crisis of Incarceration
260 _bBloomsbury
260 _bMethuen Drama
260 _c2020
650 _aLiterary Studies
856 _uhttps://dx.doi.org/10.5040/9781408184332?locatt=label:secondary_bloomsburyCollections
942 _cEBOOK
999 _c1686420
_d1686420